000 00824nam a22002773u 4500
001 DHIM2026032311080039
003 RU-10907106
005 20260323111225.0
007 tu
008 260323s2025 gau ||| ||| 000 0 geo d
020 _9978-9941-513-87-9
_a9789941513879
040 _aRU-10907106
_bger
_cRU-10907106
041 _ageo
100 1 _4aut
_ač̕kadua, giorgi
_968897
245 0 _aMixeil Voronc̕ovi da kavkasiis samep̕isnac̕vlo
264 1 _aTbilisi
_bArtanuǰi
_c2025
300 _a143 Seiten
336 _2rdacontent
_aText
_btxt
337 _2rdamedia
_aOhne Hilfsmittel zu benutzen
_bn
338 _2rdacarrier
_aBand
_bnc
600 _aSemjonowitsch Woronzow, Michail
_968898
648 _a19. Jahrhundert
_968899
650 _aRussisches Reich
_968900
651 _aGeorgien
942 _2z
_cMG
999 _c73972
_d73972